000 00411nam a2200145Ia 4500
008 220214s9999 xx 000 0 und d
022 _a0008-4026
245 0 _aCANADIAN JOURNAL OF BOTANY
260 _bNational Research Council of Canada, Ottawa
_aCanada
310 _aM
500 _aEnding Volume & Year: 68, 1990
500 _aMissing Volume: 67
500 _aStarting Volume & Year: 47, 1969
942 _cBJ
999 _c3143
_d3143